Tragedias (Record no. 61281)

MARC details
000 -LEADER
campo de control de longitud fija 00596nam a2200193 i 4500
001 - NÚMERO DE CONTROL
campo de control 61281
003 - IDENTIFICADOR DE NÚMERO DE CONTROL
campo de control ES-MaACL
005 - FECHA Y HORA DE LA ÚLTIMA TRANSACCIÓN
campo de control 20250628040747.0
007 - CAMPO FIJO DE DESCRIPCIÓN FÍSICA--INFORMACIÓN GENERAL
campo de control de longitud fija t|
008 - DATOS DE LONGITUD FIJA--INFORMACIÓN GENERAL
campo de control de longitud fija 031111s1960 sp ||||1| spa d
100 1# - ENTRADA PRINCIPAL--NOMBRE DE PERSONA
Nombre de persona Eurípides.
9 (RLIN) 48332
245 10 - MENCIÓN DEL TÍTULO
Título Tragedias
Resto del título : las Bacantes-Hecuba /
Mención de responsabilidad, etc. Eurípides ; texto revisado y traducido por Antonio Tovar.
260 ## - PUBLICACIÓN, DISTRIBUCIÓN, ETC.
Lugar de publicación, distribución, etc. Barcelona :
Nombre del editor, distribuidor, etc. Alma Mater,
Fecha de publicación, distribución, etc. 1960 (
Fabricante Aldecoa)
300 ## - DESCRIPCIÓN FÍSICA
Extensión 166 p. ;
Dimensiones 24 cm.
500 ## - NOTA GENERAL
Nota general Es el t.2.
700 1# - ENTRADA AGREGADA--NOMBRE PERSONAL
Nombre de persona Tovar, Antonio,
Fechas asociadas al nombre 1911-1985
9 (RLIN) 111167
852 ## - LOCALIZACIÓN
Ubicación ES-MaACL
Número de control de estantería E-4264
Sublocalización o colección R.48366
Holdings
Estatus retirado Estado de pérdida Estado de daño No para préstamo Biblioteca de origen Biblioteca actual Ubicación en estantería Fecha de adquisición Fuente de adquisición Total de préstamos Signatura topográfica completa Código de barras Visto por última vez Precio de reemplazo Tipo de ítem Koha
        Biblioteca del Ateneo de Madrid Biblioteca del Ateneo de Madrid Depósito 2 17/01/2008     E-4264 1064262 23/02/2023 23/02/2023 Libro impreso